Alternative strategies for economic development

Bibliographic Details
Main Author: Griffin, Keith
Format: Book
Published: London : Mac Millan , 1989
Subjects:

MARC

LEADER 00000cam a2200000 7i4500
001 0000008013
005 20150819.0
020 |a 033346907 
040 |a INS 
090 0 0 |a HC59.7   |b G75 1989 
100 1 |a Griffin, Keith 
245 0 0 |a Alternative strategies for economic development   |c Keith Griffin 
260 |a London :   |b Mac Millan ,   |c 1989 
300 |a ix, 267p. :   |b ill. ;   |c 24 cm. 
650 0 0 |a Economic development 
651 0 |a Developing countries   |x Economic conditions 
651 0 |a Developing countries   |x Economic policy 
999 |a 0000022644   |b BOOK   |c Open Shelf   |e Default branch